000 00329 a2200109 4500
001 ART_42036
005 20260410161815.0
008 260409a
245 1 0 _aLa filosofía política en la formación del abogado
100 1 _aD'Auria, Aníbal
773 0 _tAcademia
_g- Año 1, Nº 1 (mar./jun. 2003)
_wREV4314
999 _c21826
_d21826